Stanovenie zlata atómovou spektrometriou

Salvato in:
Dettagli Bibliografici
Autore principale: Balková, Viera (Autore)
Altri autori: Čacho, František (Relatore della tesi)
Natura: Manoscritto Libro
Lingua:slovacco
Pubblicazione: 2017
Soggetti:
Accesso online:http://is.stuba.sk/zp/portal_zp.pl?podrobnosti=118562
Tags: Aggiungi Tag
Nessun Tag, puoi essere il primo ad aggiungerne!!

MARC

LEADER 00000ntm a22000003a 4500
001 stuzp64842
003 SK-STU
005 20170715210927.3
007 ta
008 150427s2015----xo-----f-mn---000-0-slo-d
040 |a STU  |b slo 
041 0 |a slo 
100 1 |a Balková, Viera  |u 041000  |4 aut  |U FCHPT Fakulta chemickej a potravinárskej technológie  |T FCHPT Ústav analytickej chémie  |X 76402  |U C1000  |Y 99  |7 76402 
242 0 1 |a Determination of gold by atomic absorption spectrometry  |y eng 
245 1 0 |a Stanovenie zlata atómovou spektrometriou 
260 |c 2017 
650 4 |a HE-CS AAS  |2 slo 
650 4 |a zlato  |2 slo 
650 4 |a ET AAS  |2 slo 
650 4 |a gold  |2 eng 
650 4 |a ET AAS  |2 eng 
650 4 |a HR-CS AAS  |2 eng 
700 1 |a Čacho, František  |u 041000  |k Z1  |4 ths  |U FCHPT Fakulta chemickej a potravinárskej technológie  |T FCHPT Ústav analytickej chémie  |X 19738  |U C1000  |Y 99  |7 A0000019738 
856 4 |u http://is.stuba.sk/zp/portal_zp.pl?podrobnosti=118562